000 00254nam a2200109Ia 4500
008 230320s9999||||xx |||||||||||||| ||spa||
082 _a928.5/L35
100 _aLecaros, Fernando
245 0 _aEl Joven Basadre
260 _bRikchay PerĂº
942 _80
_cLIB
999 _c34464
_d34464